Five Minute Activities for Young Learners

Guardado en:
Detalles Bibliográficos
Formato: Libro
Etiquetas: Agregar Etiqueta
Sin Etiquetas, Sea el primero en etiquetar este registro!
Thư viện lưu trữ: Mạng thư viện Đại học Đà Nẵng
LEADER 00430nam a22001691a 4500
001 000038263
003 14558
005 20160412021248.0
008 160412s0 000
082 |a 4A(07)1962-71 
245 |a Five Minute Activities for Young Learners  |c Pency Mckay 
OWN |a LNN 
999 |a From the UDN01 
TYP |a Monograph 
980 |a Mạng thư viện Đại học Đà Nẵng